书目信息 |
| 题名: |
Java实用教程
|
|
| 作者: | 郑可奇 主编 ;姜乃松 , 殷红先 编著 | |
| 分册: | ||
| 出版信息: | 北京 电子工业出版社 2015.9 |
|
| 页数: | 398页 | |
| 开本: | 26cm | |
| 丛书名: | ||
| 单 册: | ||
| 中图分类: | TP312JA-43 | |
| 科图分类: | ||
| 主题词: | Java语言--程序设计--高等学校--教材 | |
| 电子资源: | ||
| ISBN: | 978-7-121-26622-5 | |
| 000 | 01106nam0 2200277 450 | |
| 001 | 0400005952 | |
| 005 | 20171113092149.67 | |
| 010 | @a978-7-121-26622-5@dCNY52.00 | |
| 100 | @a20151126e20162015em y0chiy50 ea | |
| 101 | 0 | @achi |
| 102 | @aCN@b110000 | |
| 105 | @ay z 000yy | |
| 106 | @ar | |
| 200 | 1 | @aJava实用教程@AJava shi yong jiao cheng@f郑可奇主编@g姜乃松,殷红先编著 |
| 205 | @a第3版 | |
| 210 | @a北京@c电子工业出版社@d2015.9@h2016.6 | |
| 215 | @a398页@d26cm | |
| 305 | @a实为第三版,版权页误题第二版 | |
| 330 | @a本书包括Java实用教程、实验、习题和习题答案四部分(限于篇幅,习题和习题答案通过网络以电子档形式提供)。本教程在讲解内容后紧跟实例,很多章节的最后还配备有综合实例,对已经学习的主要知识进行综合应用。实验部分也是通过实例引导读者学习,并提出思考问题,最后在原来基础上让读者自己进行操作和编程练习。 | |
| 606 | 0 | @aJava语言@x程序设计@x高等学校@j教材 |
| 690 | @aTP312JA-43@v5 | |
| 701 | 0 | @a郑可奇@Azheng ke qi@4主编 |
| 702 | 0 | @a姜乃松@Ajiang nai song@4编著 |
| 702 | 0 | @a殷红先@Ayin hong xian@4编著 |
| 801 | 0 | @aCN@b上海新华@c20171031 |
| 905 | @b1023730-4@dTP312JA-43@e1259=3@f5 | |
| Java实用教程/郑可奇主编/姜乃松,殷红先编著.-第3版.-北京:电子工业出版社,2015.9(2016.6) |
| 398页;26cm |
| ISBN 978-7-121-26622-5:CNY52.00 |
| 本书包括Java实用教程、实验、习题和习题答案四部分(限于篇幅,习题和习题答案通过网络以电子档形式提供)。本教程在讲解内容后紧跟实例,很多章节的最后还配备有综合实例,对已经学习的主要知识进行综合应用。实验部分也是通过实例引导读者学习,并提出思考问题,最后在原来基础上让读者自己进行操作和编程练习。 |
| ● |
| 相关链接 |
|
|
|
|
正题名:Java实用教程
索取号:TP312JA-43/1259=3
 
预约/预借
| 序号 | 登录号 | 条形码 | 馆藏地/架位号 | 状态 | 备注 |
| 1 | 1023730 | 210237304 | 第二样本阅览室/ [索取号:TP312JA-43/1259=3] | 在馆 | |
| 2 | 1023731 | 210237313 | 密集书库—计算机科学学院/ [索取号:TP312JA-43/1259=3] | 在馆 | |
| 3 | 1023732 | 210237322 | 第三借阅区/ [索取号:TP312JA-43/1259=3] | 在馆 | |
| 4 | 1023733 | 210237331 | 第三借阅区/ [索取号:TP312JA-43/1259=3] | 在馆 | |
| 5 | 1023734 | 210237340 | 第三借阅区/ [索取号:TP312JA-43/1259=3] | 在馆 |